| 000 -LEADER |
| fixed length control field |
00636nam a22001217a 4500 |
| 040 ## - CATALOGING SOURCE |
| Transcribing agency |
RUA |
| 082 ## - DEWEY DECIMAL CLASSIFICATION NUMBER |
| Classification number |
LMA LEA 2025 B701 Or.1 |
| 100 ## - MAIN ENTRY--AUTHOR NAME |
| Personal name |
LEANG SOUVISETH, លាង ស៊ូវិសិដ្ឋ |
| 245 ## - TITLE STATEMENT |
| Title |
Study on land use in svay chrum commune, mesang district, preyveng province, ការសិក្សាពីការធ្វើ ផែនការ ប្រើប្រាស់ដីធ្លី ស្ថិតនៅក្នុងឃុំស្វាយជ្រុំ ស្រុកមេសាង ខេត្តព្រៃវែង |
| 260 ## - PUBLICATION, DISTRIBUTION, ETC. (IMPRINT) |
| Place of publication |
PHNOM PENH |
| Name of publisher |
RUA |
| Year of publication |
2025 |
| 300 ## - PHYSICAL DESCRIPTION |
| Number of Pages |
xi,49p. |
| Other physical details |
ill. |
| 942 ## - ADDED ENTRY ELEMENTS (KOHA) |
| Koha item type |
LMA |
| 952 ## - LOCATION AND ITEM INFORMATION (KOHA) |
| Withdrawn status [LOCAL, KOHA] |
0 |
| 952 ## - LOCATION AND ITEM INFORMATION (KOHA) |
| Withdrawn status [LOCAL, KOHA] |
0 |